| 000 | 00699nam a22001817a 4500 | ||
|---|---|---|---|
| 999 |
_c1196 _d1196 |
||
| 003 | AR-CdUCM | ||
| 008 | 190226b ||||| |||| 00| 0 spa d | ||
| 040 |
_aMUNICIPALIDAD PROVINCIAL DEL CUSCO _cBIBLIOTECA MUNICIPAL DEL CUSCO |
||
| 082 |
_a985.019 / _bP46 |
||
| 100 |
_aPerroud, Pedro Clemente _94672 |
||
| 245 | _aEl Imperio del Arco Iris / | ||
| 260 |
_aEspaña : _bEl Perpetuo Socorro ; _c1965. |
||
| 300 |
_a284 páginas _bfotografías, mapas, ilustraciones _c24cm |
||
| 505 | _aLas civilizaciones preincaicas -- La Tribu Kechwa -- La expansión del Imperio -- La jerarquía incainca -- La vida en el Imperio | ||
| 650 |
_apre-incas _94673 |
||
| 942 |
_2ddc _cLIBROS |
||
| 945 |
_anom _d2019-02-26 |
||